Social media marketing (Record no. 366416)
[ view plain ]
| 000 -LEADER | |
|---|---|
| fixed length control field | 00651nam a22002297a 4500 |
| 003 - CONTROL NUMBER IDENTIFIER | |
| control field | 0 |
| 005 - DATE AND TIME OF LATEST TRANSACTION | |
| control field | 20240928104408.0 |
| 008 - FIXED-LENGTH DATA ELEMENTS--GENERAL INFORMATION | |
| fixed length control field | 240928b xxu||||| |||| 00| 0 eng d |
| 020 ## - INTERNATIONAL STANDARD BOOK NUMBER | |
| International Standard Book Number | 978-1-1529623819 |
| 050 ## - LIBRARY OF CONGRESS CALL NUMBER | |
| Classification number | HF 6146 |
| Item number | .T88 2024 |
| 100 ## - MAIN ENTRY--PERSONAL NAME | |
| Personal name | Tuten, Tracy L. |
| 245 ## - TITLE STATEMENT | |
| Title | Social media marketing |
| Statement of responsibility, etc | Tuten, Tracy L. |
| 250 ## - EDITION STATEMENT | |
| Edition statement | 5th ed. |
| 260 ## - PUBLICATION, DISTRIBUTION, ETC. (IMPRINT) | |
| Place of publication, distribution, etc | London |
| Name of publisher, distributor, etc | Sage |
| Date of publication, distribution, etc | C2024 |
| 300 ## - PHYSICAL DESCRIPTION | |
| Extent | xv, 447p. : |
| Other physical details | ill. ; col. : |
| Dimensions | 25cm. : |
| 500 ## - GENERAL NOTE | |
| General note | Internet advertising. |
| 500 ## - GENERAL NOTE | |
| General note | Internet marketing. |
| 500 ## - GENERAL NOTE | |
| General note | Online social networks. |
| 500 ## - GENERAL NOTE | |
| General note | Social media. |
| 650 ## - SUBJECT ADDED ENTRY--TOPICAL TERM | |
| Topical term or geographic name as entry element | Includes bibliographical references & index. |
| 942 ## - ADDED ENTRY ELEMENTS (KOHA) | |
| Source of classification or shelving scheme | Library of Congress Classification |
| Koha item type | Books |
| Withdrawn status | Lost status | Source of classification or shelving scheme | Damaged status | Home library | Current library | Shelving location | Date acquired | Source of acquisition | Sub Shelving location | Total Checkouts | Total Renewals | Full call number | Barcode | Date last seen | Date checked out | Price effective from | Koha item type |
|---|---|---|---|---|---|---|---|---|---|---|---|---|---|---|---|---|---|
| Library of Congress Classification | College Library | College Library | Graduate Section | 09/28/2024 | Library Fund | 1 | 1 | HF 6146 .T88 2024 | C23585 | 05/22/2025 | 02/18/2025 | 09/28/2024 | Books |